Porovnanie aktuálnych 3D tlačiarní s ohľadom na požiadavky ZF Slovakia, a.s.

Uložené v:
Podrobná bibliografia
Hlavný autor: Koštial, Vlastimil (Autor)
Ďalší autori: Káčer, Norbert (Vedúci práce)
Médium: Rukopis Kniha
Jazyk:Slovak
Vydavateľské údaje: 2019
Predmet:
On-line prístup:http://is.stuba.sk/zp/portal_zp.pl?podrobnosti=144064
Tagy: Pridať tag
Žiadne tagy, Buďte prvý, kto otaguje tento záznam!

MARC

LEADER 00000ntm a22000003a 4500
001 stuzp67773
003 SK-STU
005 20190608210523.3
007 ta
008 150427s2015----xo-----f-mn---000-0-slo-d
040 |a STU  |b slo 
041 0 |a slo 
100 1 |a Koštial, Vlastimil  |u 063000  |k Z4  |4 aut  |U MTF Materiálovotechnologická fakulta  |T MTF Ústav výrobných technológií  |X 52236  |U M3000  |Y 83  |7 52236 
242 0 1 |a The comparison of current 3D printers with regard to the requirements of ZF Slovakia, a.s.  |y eng 
245 1 0 |a Porovnanie aktuálnych 3D tlačiarní s ohľadom na požiadavky ZF Slovakia, a.s. 
260 |c 2019 
650 4 |a 3D tlačiareň  |2 slo 
650 4 |a presnosť 3D tlačiarne  |2 slo 
650 4 |a Rapid Prototyping  |2 slo 
650 4 |a Rapid Prototyping  |2 eng 
650 4 |a 3D printer  |2 eng 
650 4 |a 3D printer accuracy  |2 eng 
700 1 |a Káčer, Norbert  |4 ths  |X 43866  |7 A000043866 
856 4 |u http://is.stuba.sk/zp/portal_zp.pl?podrobnosti=144064 
996 |c M* DP-14008  |l MMSKP  |s P  |a 0  |w stuzp67773_0001